000 00914nam a22002537a 4500
999 _c16862
_d16862
003 AR-CdUCM
008 190415b ||||| |||| 00| 0 spa d
040 _aMUNICIPALIDAD PROVINCIAL DEL CUSCO
_cBIBLIOTECA MUNICIPAL DEL CUSCO
041 _heng
082 _a504 /
_bC91
100 _aCrouse, William H.
_931741
245 _aLa ciencia del mañana /
260 _aBuenos Aires :
_bAcme,,
_c1965.
300 _a196 páginas ;
_bilustraciones,
_c20 cm.
500 _aTituo original : Science marvels of tomorrow
505 _aContenido: El mañana -- Energía -- Nuevas fuentes de energía -- Otras posibles fuentes de energía -- Energía nuclear...
650 _aCiencia
_92098
650 _aEnergía nuclear
_919264
650 _aComunicaciones
_917618
650 _aMedios de transporte
_932948
700 _aDougherty, Bernardo (traducción)
_936566
942 _2ddc
_cLIBROS
945 _awnts
_d2019-05-6